Záslužný čin Jána Navrátila

Bibliographic Details
Format: Article
Language:Slovak
Subjects:

MARC

LEADER 00000nab a2200000 ar4500
001 vtls009292246
003 SK-MaSNL
005 20260303212411.0
008 080506c19760223xo |r|p|||||||000 b|slo
015 |a SNBRB1976 
038 |a SNKBUCL 
040 |a SNKBUCL  |b slo  |c SNKBUCL  |e AACR2 
041 |a slo 
044 |a xo  |c SK 
080 |a 792.2  |2 1997 
245 0 0 |a Záslužný čin Jána Navrátila  |c [autor] F-a 
600 1 7 |a Navrátil, Ján,  |d 1935-2024  |t Budzogáň, zbojnícky kapitán  |2 snkbucl  |9 237115 
610 2 7 |a Divadlo pre deti a mládež (Trnava, Slovensko)  |2 snkbucl  |9 62728 
651 7 |a Trnava (Slovensko)  |2 snkbucl  |9 19407 
655 7 |a recenzie  |2 snkbucl  |9 21907 
773 0 |t Hlas ľudu  |g (23.2.1976), s. 2 
852 |a SNK  |b KIS3GCP 
958 |a RC 
999 |c 2207196  |d 2209126